| 000 | 00000ngm##2200000za#4500 |
| 001 | 9.670798 |
| 003 | CaOODSP |
| 005 | 20210615125735 |
| 007 | vd |v|||| |
| 008 | 150407|2008||||xxc--- | fq v|fre|d |
| 040 | |aCaOODSP|bfre |
| 041 | |aeng |
| 041 | |afre |
| 043 | |an-cn--- |
| 086 | 1 |aFs154-15/2008-DVD |
| 110 | 2 |aGarde côtière canadienne. |
| 245 | 10|aRapport sur les événements relatifs au chavirement et au naufrage de l'Acadien II au large de la côte du Cap-Breton les 28 et 29 mars 2008 |h[enregistrement vidéo] |
| 260 | |aOttawa - Ontario : |bPêches et Océans Canada. |c2008. |
| 300 | |a1 disque. |
| 500 | |aLes n°s de catalogue (Fs154-15/1-2008E-DVD; Fs154-15/1-2008F-DVD) et les ISBNs (978-1-100-11383-8; 978-1-100-90406-1) imprimés dans cette publication sont incorrects. |
| 590 | |a08-50|b2008-12-12 |
| 691 | 07|aAccident maritime|2gcpds |
| 776 | 0#|tRapport sur les événements relatifs au chavirement et au naufrage de l'Acadien II au large de la côte du Cap-Breton les 28 et 29 mars 2008 |w(CaOODSP)9.635966 |
| 776 | 0#|tReport on events related to the capsizing & sinking of l'Acadien II off the Coast of Cape Breton 28/29 March 2008 |w(CaOODSP)9.691643 |
| 776 | 0#|tReport on events related to the capsizing & sinking of l'Acadien II off the Coast of Cape Breton 28/29 March 2008 |w(CaOODSP)9.651400 |
| 776 | 0#|tRapport sur les événements relatifs au chavirement et au naufrage de l'Acadien II au large de la côte du Cap-Breton les 28 et 29 mars 2008 |w(CaOODSP)9.684430 |
| 791 | |tReport on events related to the capsizing & sinking of l'Acadien II off the Coast of Cape Breton 28/29 March 2008 |eeng|w(CaOODSP)9.670797 |